| 000 | 00915nam a2200265 i 4500 | ||
|---|---|---|---|
| 001 | bg | ||
| 100 | 1 | _aKOLENDA, Janusz | |
| 245 | 0 |
_aAnalytical procedures of high-cycle fatigue assessment of structural steel elements / _cJanusz Kolenda ; Technical University of Gdańsk. |
|
| 260 |
_aGdańsk : _bWydaw. PG, _c1997. |
||
| 300 |
_a172 s. : _brys., wykr. ; _c24 cm. |
||
| 490 | 1 |
_aMonografie / Politechnika Gdańska ; _v1 |
|
| 504 | _aBibliogr. s. 161-164. - Streszcz., summ. | ||
| 650 | 9 | _aZmęczenie materiałów | |
| 650 | 9 |
_aWytrzymałość materiałów _xteoria |
|
| 650 | 9 |
_aNaprężenia i odkształcenia _xteoria |
|
| 710 | 0 | _aPOLITECHNIKA GDAŃSKA (Gdańsk) | |
| 830 | 0 |
_aMonografie (Politechnika Gdańska) ; _v1 |
|
| 020 | _a8386537604 | ||
| 040 | _cBPK | ||
| 041 | 0 |
_aen _benpl |
|
| 080 | _a539.4:621.01 | ||
| 920 | _a83-86537-60-4 | ||
| 942 | _cKS | ||
| 008 | s pl f |000 0 pol | ||
| 999 |
_c32924 _d32924 |
||
| 856 |
_uhttp://koha.tu.koszalin.pl/cgi-bin/koha/opac-detail.pl?biblionumber=32924 _yKatalog online BPK |
||